LEADER 00929nam 2200337 450 001 990005821290203316 005 20130326131026.0 010 $a88-14-18025-3 035 $a000582129 035 $aUSA01000582129 035 $a(ALEPH)000582129USA01 035 $a000582129 100 $a20130326d2012----km-y0itay50------ba 101 $aita 102 $aIT 105 $a||||||||001yy 200 1 $a<> diversità nelle leggi$fVittorio Italia 210 $aMilano$cGiuffré$d2012 215 $aXIV, 107 p.$d254 cm 606 0 $aLeggi$2BNCF 676 $a342.4505 700 1$aITALIA,$bVittorio$0334403 801 0$aIT$bsalbc$gISBD 912 $a990005821290203316 951 $aXXIV.2.C. 179$b76338 G.$cXXIV.2.C.$d00314026 959 $aBK 969 $aGIU 979 $aCHIARA$b90$c20130326$lUSA01$h1310 979 $aCHIARA$b90$c20130326$lUSA01$h1310 996 $aDiversità nelle leggi$91089070 997 $aUNISA